Normal view MARC view

Entry Personal Name

Number of records used in: 1

001 - CONTROL NUMBER

  • control field: 241569

003 - CONTROL NUMBER IDENTIFIER

  • control field: OSt

005 - DATE AND TIME OF LATEST TRANSACTION

  • control field: 20251004102208.0

008 - FIXED-LENGTH DATA ELEMENTS

  • fixed length control field: 251004|| aca||aabn | a|a d

040 ## - CATALOGING SOURCE

  • Original cataloging agency: OSt
  • Transcribing agency: OSt

100 ## - HEADING--PERSONAL NAME

  • Personal name: SHRIDEVI (Ke).
  • Dates associated with a name: ಶ್ರೀದೇವಿ (ಕೆ )

670 ## - SOURCE DATA FOUND

  • Source citation: Work cat.: (OSt)114093: SHRIDEVI (Ke). ಶ್ರೀದೇವಿ (ಕೆ ), Manasu mandahasa., 1985